Automated Software Requirement Classification Using Natural Language processing by (Record no. 525184)
[ view plain ]
| 000 -LEADER | |
|---|---|
| fixed length control field | 00535nam a22001697a 4500 |
| 003 - CONTROL NUMBER IDENTIFIER | |
| control field | NUST |
| 038 ## - RECORD CONTENT LICENSOR | |
| Staff Name | Mr. Zahoor |
| 082 ## - DEWEY DECIMAL CLASSIFICATION NUMBER | |
| Classification number | 005.1 |
| 100 ## - MAIN ENTRY--PERSONAL NAME | |
| Personal name | Nazir, Farhana |
| 9 (RLIN) | 16103 |
| 245 ## - TITLE STATEMENT | |
| Title | Automated Software Requirement Classification Using Natural Language processing by |
| Statement of responsibility, etc. | Farhana Nazir |
| 260 ## - PUBLICATION, DISTRIBUTION, ETC. | |
| Place of publication, distribution, etc. | Islamabad : |
| Name of publisher, distributor, etc. | CEME - NUST, |
| Date of publication, distribution, etc. | 2017. |
| 300 ## - PHYSICAL DESCRIPTION | |
| Extent | ix, 54 p. ; ill. : |
| Dimensions | 30cm. |
| 500 ## - GENERAL NOTE | |
| General note | Hardcover. |
| 650 ## - SUBJECT ADDED ENTRY--TOPICAL TERM | |
| Topical term or geographic name entry element | Computer Software Engineering - MS Thesis. |
| 9 (RLIN) | 16105 |
| 700 ## - ADDED ENTRY--PERSONAL NAME | |
| Personal name | Dr. Wasi Haider Butt. |
| 9 (RLIN) | 16106 |
| 942 ## - ADDED ENTRY ELEMENTS (KOHA) | |
| Source of classification or shelving scheme | |
| Koha item type | Thesis |
| Withdrawn status | Lost status | Source of classification or shelving scheme | Damaged status | Not for loan | Permanent Location | Current Location | Shelving location | Date acquired | Total Checkouts | Full call number | Barcode | Date last seen | Price effective from | Koha item type |
|---|---|---|---|---|---|---|---|---|---|---|---|---|---|---|
| Central Library (CL) | Central Library (CL) | Thesis | 06/28/2019 | 005.1 | CL-T-136 | 06/30/2019 | 06/28/2019 | Thesis |
